000
00172 a2200097 4500
001
24057
100
_a
Millman, J
245
_a
260
_a
_b
_c
090
_c
16275
_d
16275
942
_a
NUST-CAE
_c
M
_c
6975
999
_c
259130
_d
259130